000 00683cam a2200217 a 4500
999 _c57438
_d57438
001 17344053
005 20221107123056.0
008 120611s2013 moua b 001 0 eng
020 _a9781455728480 X
041 _aeng
080 _a615.8 C-17
100 1 _aCameron, Michelle H.
_98413
245 1 0 _aPhysical agents in rehabilitation :
_bfrom research to practice /
_cMichelle Cameron.
250 _a4th ed.
264 _aSt. Louis, Mo. :
_bElsevier/Saunders,
_c2013.
300 _a437 p. :
_bcol. ill. ;
_c28 cm.
653 _aმედიცინა
653 _aფიზიოთერაპია
653 _aრეაბილიტაცია
942 _2udc
_cBK